LEADER 01052nam a2200205 i 4500 001 000000091047 003 CaOOAMICUS 005 20151211000000.0 008 151211s1873 it u000 u ita u 013 $a63289 040 $aSeMil$bita 100 1 $aScurati, Giacomo,$d.$0(OLS)http://semarc/name/12758 245 10$aVita di Sebastiano Carbone :$bsacerdote del Seminario di S. Calocero, missionario apostolico nella Birmania orientale /$cscritta dal suo confratello Giacomo Scurati. 260 $aMilano :$bTip. arciv. di G. B. Pogliani e C.,$c1873. 300 $a174 p., [1] c. di tav. ;$c20 cm. 650 4$aMissionari - Biografie.$0(OLS)http://semarc/subject/15013 850 $aSeMil 852 $aSeMil$W1$xVenegono$y1$m3H II 104 FA$j54008$B54008$CSeMilBibl$Z2$F58648 $8I 996 $6245$aVita di Sebastiano Carbone :$bsacerdote del Seminario di S. Calocero, missionario apostolico nella Birmania orientale$9(OLS)http://semarc/title/137161 996 $6260$aMilano :$bTip. arciv. di G. B. Pogliani e C.$9(OLS)http://semarc/publisher/43754 LEADER 00968nam a2200265 i 4500 001 000000159956 003 CaOOAMICUS 005 20070308000000.0 008 070308s1985 it u000 u ita u 013 $a137319 020 $a88-18-27003-6 040 $aSeMil$bita 100 1 $aAcquaviva, Gennaro.$0(OLS)http://semarc/name/40175 245 10$aLettere al presidente /$cGennaro Acquaviva. 260 $aMilano :$bRusconi,$c1985. 300 $a162 p. ;$c22 cm. 500 $aFondo Card. Giovanni Colombo. 600 14$aCraxi, Bettino <1934-2000>.$0(OLS)http://semarc/subject/10005 850 $aSeMil 852 $aSeMil$W1$xVenegono$y1$m3N III 689$j268846$B111473$CSeMilBibl$Z2$F121243 $81 941 1 $a3 961 $aLascito: Colombo Card. Giovanni 996 $6020$a88-18-27003-6$9(OLS)http://semarc/number/75642 996 $6245$aLettere al presidente$9(OLS)http://semarc/title/142329 996 $6260$aMilano :$bRusconi$9(OLS)http://semarc/publisher/30258